| 000 | 00455pab a2200169 454500 | ||
|---|---|---|---|
| 008 | 180718b2005 xxu||||| |||| 00| 0 eng d | ||
| 100 | _aRamathilagam, G. | ||
| 245 | _aOptions for strengthening the capital base of the commercial banks - an opinion survey | ||
| 260 | _c2005 | ||
| 300 | _ap.172-84. | ||
| 362 | _aAug | ||
| 650 | _aBanks | ||
| 700 | _aGandhimathi, S. | ||
| 700 | _aAmbigadevi, P. | ||
| 773 | _aAsian Economic Review | ||
| 909 | _a66611 | ||
| 999 |
_c66611 _d66611 |
||